00482nam a2200157Ia 4500003000900000008004100009040001600050080001600066100001800082245011700100250001200217260003800229300001600267650002500283650001600308IN-BaIIA211028s9999 xx 000 0 eng d cIIA Library a778.34bCLA aClark, Walter 0aPhotography by infraredbvol.1, its principles and applicationscWalter Clark  a2nd ed. aNew YorkbJohn Wiley & Sonsc1947 axvii, 472p. aInfrared Photography aPhotography